[Event "Quebec-ch U16"]
[Site "Montreal"]
[Date "2016.01.16"]
[Round "2"]
[White "Saha, Ananda"]
[Black "Cai, Susan"]
[Result "1-0"]
[WhiteElo "1920"]
[BlackElo "1222"]
[PlyCount "67"]
[EventDate "2016.01.15"]
[EventType "swiss"]
[EventRounds "5"]
[EventCountry "CAN"]
[SourceTitle "EXT 2017"]
[Source "ChessBase"]
[SourceDate "2016.10.25"]
[SourceVersion "1"]
[SourceVersionDate "2016.10.25"]
[SourceQuality "1"]

1. d4 d5 2. c4 c6 3. Nf3 Nf6 4. Nc3 e6 5. e3 Bb4 6. Qc2 0-0 7. Bd3 c5 8. 0-0 cxd4 9. exd4 dxc4 10. Bxc4 Bxc3 11. bxc3 Nc6 12. Bd3 Ne7 13. Rd1 Nf5 14. c4 Qd7 15. Bb2 b6 16. d5 Qe7 17. a4 Rd8 18. Re1 Nh6 19. Qc3 Bb7 20. Re5 Kh8 21. Rae1 Bc8 22. Rg5 a5 23. d6 Rxd6 24. Ba3 Bb7 25. Bxd6 Qxd6 26. Ne5 Rd8 27. Bf1 Rg8 28. Qg3 Qe7 29. Bd3 g6 30. Qf4 Nh5 31. Rxh5 gxh5 32. Qxh6 Rxg2+ 33. Kf1 Qc5 34. Qxh7# 1-0